03698nab a2200301 i 4500003000900000005001700009008004100026040001800067072001400085072000800099100002800107100003100135100003000166100002500196100002800221245008200249500006700331520124200398520138601640650001203026650001603038650002303054650002403077773018903101856007903290942000803369999001903377BR-BrBNA20260415182601.0260415b2019 bl.qr|pooa||| 00| 0 eng | aBR-BrBNAbeng aF50b2322 aU10 aJane, Sérgio Alberto  aFernandes, Felipe Augusto  aSilva, Edilson Marcelino  aMuniz, Joel Augusto  aFernandes, Tales Jesus  aComparison of polynomial and nonlinear models on description of pepper growth a Publicação online; 25 ref.; 3 illus.; Summaries (En, Pt) a ABSTRACT: Pepper (Capsicum sp.) is important for the Brazilian agribusiness, serving as raw material for the food, pharmaceutical and cosmetic industries. The adequate evaluation of its plants growth may help in understanding the causes of crops yield variation, with it being able to be studied by regression models, which help to adequate the management with the different phenological phases. This study aimed to compare the fit of linear Polynomial model and the Logistic and Gompertz nonlinear models in the description of pepper plants growth from the Doce cultivar. Estimates were obtained by the Gauss-Newton method, with the quality of fitted models compared by graphical analysis and evaluators: adjusted coefficient of determination (R2adj), Residual Standard Deviation (RSD) and the corrected Akaike Information Criterion (AICc). Residues were normal, independent and homocedastic at 5% level of significance. All models properly described the height of the Doce cultivar. The Logistic model was the most adequate according to the fitting evaluators, having higher value of R2adj, and lower RSD and AICc values. Key words: doce cultivar; growth rates; sigmoid curve a RESUMO: A pimenta (Capsicum sp.) é importante para o agronegócio brasileiro, como fonte de matéria-prima para as indústrias alimentar, farmacêutica e cosmética. A avaliação do crescimento adequado das suas plantas pode auxiliar no entendimento das causas de variação de produtividade da cultura e pode ser efetuada por meio de modelos de regressão, que ajudam a adequar o manejo com as diferentes fases fenológicas. O objetivo deste trabalho foi comparar o ajuste dos modelos linear Polinomial e não lineares Logístico e Gompertz na descrição do crescimento de plantas da cultivar Doce. As estimativas foram feitas utilizando o método de Gauss-Newton, a comparação da qualidade de ajuste dos modelos foi feita por meio de análise gráfica e dos avaliadores: coeficiente de determinação ajustado (R2aj), Desvio Padrão Residual (DPR) e o Critério de Informação de Akaike corrigido (AICc). Os resíduos foram normais, independentes e homocedásticos ao nível de 5% de significância. Todos os modelos descreveram adequadamente a altura da cultivar Doce. O modelo Logístico foi o mais adequado conforme os avaliadores de ajuste, apresentou maior valor de R2aj, menores DPR e AICc. Palavras-chave: cultivar doce; taxas de crescimento; curva sigmoide aPIMENTA aCRESCIMENTO aMORFOLOGIA VEGETAL aMODELO MATEMÁTICO0 046569361589dRecife-PE Universidade Federal Rural de Pernambuco 2006o2026-1601tRevista Brasileira de Ciências Agrárias (Brazil)x1981-1160gv. 14(4) p. 1-7; (2019)wBR2026000129 uhttp://www.agraria.pro.br/ojs32/index.php/RBCA/article/view/v14i4a7180/147 cANA c341390d341390